[Event "UK-ch blitz op"]
[Site "Solihull"]
[Date "2018.12.01"]
[Round "3"]
[White "Sneiberg, Krystof"]
[Black "Howell, David"]
[Result "0-1"]
[WhiteElo "2077"]
[BlackElo "2679"]
[PlyCount "104"]
[EventDate "2018.12.01"]
[EventType "tourn (blitz)"]
[EventRounds "15"]
[EventCountry "ENG"]
[SourceTitle "EXT 2020"]
[Source "ChessBase"]
[SourceDate "2019.10.17"]
[SourceVersion "1"]
[SourceVersionDate "2019.10.17"]
[SourceQuality "1"]

1. e4 d6 2. d4 Nf6 3. Bd3 g6 4. c4 Bg7 5. Nc3 0-0 6. Nge2 Nc6 7. 0-0 Nh5 8. d5 Ne5 9. f4 Nxd3 10. Qxd3 c6 11. Be3 Bd7 12. Rad1 Nf6 13. Bd4 cxd5 14. cxd5 Qa5 15. a3 Rac8 16. h3 Rfd8 17. Rf3 Be8 18. Kh1 b5 19. Na2 Qc7 20. Qe3 Qc2 21. Rc1 Qxe4 22. Nec3 Qxe3 23. Rxe3 Rc7 24. Rce1 Kf8 25. Nb4 Rdc8 26. Kh2 a5 27. Nd3 Ng4+ 28. hxg4 Bxd4 29. Nxb5 Bxb5 30. Re4 Bxd3 31. Rxd4 Bb5 32. a4 Ba6 33. b4 axb4 34. Rxb4 Rb7 35. Rbe4 Rc4 36. f5 Rxe4 37. Rxe4 Kg7 38. Kg3 Kf6 39. Kf4 h6 40. fxg6 Kxg6 41. Kg3 Kg5 42. Rd4 Rb3+ 43. Kh2 Rd3 44. Re4 Kf6 45. Rf4+ Kg6 46. Re4 Rxd5 47. Rxe7 Rd4 48. a5 Ra4 49. Rd7 Rxa5 50. Rxd6+ Kg5 51. Rb6 Bc8 52. Rc6 Bxg4 0-1